The Practitioner as Teacher (Record no. 2276)

MARC details
000 -LEADER
fixed length control field 00577nam a22002177a 4500
003 - CONTROL NUMBER IDENTIFIER
control field OSt
005 - DATE AND TIME OF LATEST TRANSACTION
control field 20150924151554.0
008 - FIXED-LENGTH DATA ELEMENTS--GENERAL INFORMATION
fixed length control field 150924b xxu||||| |||| 00| 0 eng d
020 ## - INTERNATIONAL STANDARD BOOK NUMBER
International Standard Book Number 9780702029998
040 ## - CATALOGING SOURCE
Transcribing agency DDC
082 ## - DEWEY DECIMAL CLASSIFICATION NUMBER
Classification number 371.1 PRA 2009
100 ## - MAIN ENTRY--PERSONAL NAME
Personal name editor Hinchliff, Sue
9 (RLIN) 5765
245 ## - TITLE STATEMENT
Title The Practitioner as Teacher
250 ## - EDITION STATEMENT
Edition statement 4th ed.
260 ## - PUBLICATION, DISTRIBUTION, ETC. (IMPRINT)
Place of publication, distribution, etc. Edinburgh;
Name of publisher, distributor, etc. Churchill;
Date of publication, distribution, etc. 2009
300 ## - PHYSICAL DESCRIPTION
Extent x,166p;
Other physical details ill:
Dimensions 24cm
504 ## - BIBLIOGRAPHY, ETC. NOTE
Bibliography, etc References, & index included
650 ## - SUBJECT ADDED ENTRY--TOPICAL TERM
Topical term or geographic name as entry element Teacher guide
9 (RLIN) 5766
650 ## - SUBJECT ADDED ENTRY--TOPICAL TERM
Topical term or geographic name as entry element School practice guide
9 (RLIN) 5767
942 ## - ADDED ENTRY ELEMENTS (KOHA)
Source of classification or shelving scheme Other/Generic Classification Scheme
Koha item type Open Shelf
Holdings
Withdrawn status Lost status Source of classification or shelving scheme Damaged status Not for loan Home library Current library Date acquired Source of acquisition Inventory number Total Checkouts Full call number Barcode Date last seen Koha item type Date last checked out Price effective from
    Dewey Decimal Classification     MUST Main Library MUST Main Library 24/09/2015   14/38231   371.1 PRA 2009 2015-2275 24/09/2015 Open Shelf    
    Dewey Decimal Classification     MUST Main Library MUST Main Library 24/09/2015   14/38232   371.1 PRA 2009 2015-2276 24/09/2015 Open Shelf    
    Dewey Decimal Classification     MUST Main Library MUST Main Library 21/01/2020 Donation 2011/35416 1 371.1 PRA 2009 2020-0045 08/05/2023 Open Shelf 31/01/2023 21/01/2020